| 000 | 00845nam a22002777a 4500 | ||
|---|---|---|---|
| 003 | NALT | ||
| 005 | 20220202165737.0 | ||
| 008 | s2005 eng d | ||
| 020 | _a032422527x | ||
| 040 | _aNALT | ||
| 041 | _aeng | ||
| 090 |
_aKK 41 _bS33I 2005 |
||
| 100 | 1 |
_aSchaffer, Richard _956310 |
|
| 245 | 1 | 0 |
_aInternational business law and its environment / _cRichard Schaffer, Beverley Earle, Filiberto Agusti. |
| 250 | _a6th ed. | ||
| 260 |
_aMason, Ohio : _bThomson/South-Western, _c2005 |
||
| 300 |
_a737 p. ; _c25 cm. |
||
| 650 | 0 | 4 | _aForeign trade regulation |
| 650 | 0 | 4 | _aExport sales contracts |
| 650 | 0 | 4 | _aInternational business enterprises -- Law and legistation |
| 650 | 0 | 4 | _aCommercial law |
| 700 | 1 |
_aEarle, Beverley. _956311 |
|
| 700 | 1 |
_aAgusti, Filiberto. _956312 |
|
| 850 | _aNALT | ||
| 942 |
_cLB _2lcc |
||
| 999 |
_c46224 _d46224 |
||
| 998 |
_j109 _k อารีรัตน์ วิชาช่าง |
||